000 00717nam a22001817a 4500
999 _c62994
_d62994
003 Ge_BSU
005 20250424140426.0
008 250424s2022 ge ||||| |||| 00| 0 geo d
041 _ageo
080 _a635.9(479.223) :58 ც-98
100 _aცხოიძე, თამარა
_924939
245 _aნეკერჩხლების მრავალფეროვნება ბათუმის ბოტანუკურ ბაღში /
_cთამარ ცხოიძე.
264 _aბათუმი,
_c2022.
300 _a84 გვ.:
_bილ.
_c22 სმ.
504 _aბიბლიოგრ. გვ. 78-79
653 _aნეკერჩხალი
942 _2udc
_cᲬᲘᲒᲜᲘ